Music Quiz

Random Music or Clickable Quiz
Score 0/62 Timer 07:00
0 Plays Today
% Correct
on black
75%
I'm alone
70.8%
to the bone
70.8%
you ran, oh yeah
70.8%
a fire
70.8%
a thing
70.8%
mean much
70.8%
a fire
70.8%
a river
70.8%
on black
70.8%
a river
70.8%
a shove
70.8%
man's touch
70.8%
a scream
70.8%
on black
66.7%
a river
66.7%
mean much
66.7%
on jack
66.7%
man's touch
66.7%
a scream
66.7%
you back
66.7%
on black
66.7%
on black
66.7%
of your tongue
66.7%
on black
66.7%
a river
66.7%
ice
66.7%
man's touch
66.7%
a scream
66.7%
a thing
66.7%
you back
66.7%
% Correct
on black
66.7%
on black
66.7%
a shove
66.7%
mean much
66.7%
on jack
66.7%
a fire
66.7%
man's touch
66.7%
a scream
66.7%
a thing
66.7%
you back
66.7%
on jack
66.7%
a fire
66.7%
ice
66.7%
a thing
66.7%
you back
66.7%
on black
66.7%
on black
66.7%
on black
66.7%
on black
66.7%
a shove
62.5%
ice
62.5%
be undone
62.5%
a shove
62.5%
on jack
62.5%
ice
62.5%
on black
62.5%
mean much
62.5%
yeah
58.3%
now i see
54.2%
in between
54.2%
from my hand
50%

You're not logged in!

Compare scores with friends on all Sporcle quizzes.
OR
Log In

Sporcle TV

Today on Sporcle TV


Watch our educational content, quiz creation guides, and fun videos on Sporcle TV.

Show Comments

Extras

Top Quizzes Today


Score Distribution

Paid Content

Your Account Isn't Verified!

In order to create a playlist on Sporcle, you need to verify the email address you used during registration. Go to your Sporcle Settings to finish the process.

Report this User

Report this user for behavior that violates our Community Guidelines.

Details: